Statistiques concernant Focus sur: Gimli - Tolkien

Cliquez ici pour prendre le quiz!

Statistiques générales

  • Ce quiz a été pris 99 fois
  • Le résultat moyen est 9 sur 12

Statistiques - réponses

Informations recherchéesRéponses% Correct
EspèceNain
100%
Première apparitionLe Seigneur des Anneaux: La Communauté de l'Anneau
99%
Age durant lequel il vécutTroisième/Quatrième
98%
Couleur des cheveuxBrun-roux
97%
Groupe auquel il appartientFraternité de l'Anneau
93%
ProfessionRoi d'Aglarond
89%
PèreGlóin
86%
Erebor
77%
Maison (lignée)Durin
56%
ContréesEred Luin
32%
Acteur l'interprétant dans les filmsJohn Rhys-Davies
24%
Aglarond
23%

Distribution des résultats

Percentile par nombre de réponses

% des personnes avec chaque résultat

Votre développement - résultats

Vous n’avez pas pris ce quiz